A review of local standards for the delivery of new homes (Record no. 114414)

MARC details
000 -LEADER
fixed length control field 01658cad a22002535a 4500
001 - CONTROL NUMBER
control field L156788
008 - FIXED-LENGTH DATA ELEMENTS--GENERAL INFORMATION
fixed length control field 120716s2012 xxk f 000 0 eng d
035 ## - SYSTEM CONTROL NUMBER
System control number (Sirsi) u156788
041 0# - LANGUAGE CODE
Language code of text/sound track or separate title eng
110 2# - MAIN ENTRY--CORPORATE NAME
Corporate name or jurisdiction name as entry element Home Builders Federation
9 (RLIN) 4896
245 02 - TITLE STATEMENT
Title A review of local standards for the delivery of new homes
Remainder of title Local Housing Delivery Group (Standards Working Group)
-- June 2012
Medium [electronic resource]
260 ## - PUBLICATION, DISTRIBUTION, ETC.
Place of publication, distribution, etc. [S.l.]
Name of publisher, distributor, etc. Home Builders Federation $2 012
505 2# - FORMATTED CONTENTS NOTE
Formatted contents note Executive Summary -- Standards Working Group members and participants -- The 10 most common standards -- Initial review findings -- Costs of complying with standards applied locally -- What do good standards look like? -- Testing the concept -- Accessibility -- Energy -- Security -- Water -- Recommendations and next steps -- Appendix A - Cost of complying with locally applied standards
520 ## - SUMMARY, ETC.
Summary, etc. The Local Housing Delivery Group is a cross-industry group involving a broad group of stakeholders with an interest in home building in England. This report looks at the various non-statutory requirements commonly placed on new home building through the planning process, and the scope to simplify them.
590 ## - LOCAL NOTE (RLIN)
Local note KA NTK
651 #4 - SUBJECT ADDED ENTRY--GEOGRAPHIC NAME
Geographic name England
Chronological subdivision 886-
690 ## - LOCAL SUBJECT ADDED ENTRY--TOPICAL TERM (OCLC, RLIN)
Topical term or geographic name as entry element Planning and development
9 (RLIN) 6259
690 ## - LOCAL SUBJECT ADDED ENTRY--TOPICAL TERM (OCLC, RLIN)
Topical term or geographic name as entry element Design and specification
690 ## - LOCAL SUBJECT ADDED ENTRY--TOPICAL TERM (OCLC, RLIN)
Topical term or geographic name as entry element Building regulations
9 (RLIN) 6224
690 ## - LOCAL SUBJECT ADDED ENTRY--TOPICAL TERM (OCLC, RLIN)
Topical term or geographic name as entry element Construction management
9 (RLIN) 6230
690 ## - LOCAL SUBJECT ADDED ENTRY--TOPICAL TERM (OCLC, RLIN)
Topical term or geographic name as entry element Residential property
9 (RLIN) 6266
856 40 - ELECTRONIC LOCATION AND ACCESS
Uniform Resource Identifier <a href="https://www.hbf.co.uk/fileadmin/documents/Email_Links/A_review_of_local_standards_for_the_delivery_of_new_homes_-_june_2012.pdf">https://www.hbf.co.uk/fileadmin/documents/Email_Links/A_review_of_local_standards_for_the_delivery_of_new_homes_-_june_2012.pdf</a>
Public note View the report free of charge at www.hbf.co.uk
942 ## - ADDED ENTRY ELEMENTS (KOHA)
Suppress in OPAC 0
Holdings
Withdrawn status Lost status Source of classification or shelving scheme Damaged status Not for loan Home library Current library Shelving location Date acquired Total Checkouts Full call number Barcode Date last seen Copy number Price effective from Koha item type
    Dewey Decimal Classification     Virtual Virtual Online 16/07/2012   ONLINE PUBLICATION 156788-2001 06/08/2019 1 06/08/2019 Book